Doctor Who Quotes (Clickable) Quiz Stats

 Plays Quiz not verified by Sporcle

Challenge
Share
Tweet
Embed
Score 0/35 Timer 10:00
1 Play Today
% Correct
Slapped
84.6%
Bow
84.5%
Stick
84.3%
Mummy
84.1%
Die
84%
Fantastic
83.6%
Alone
83.3%
Genius
83.3%
Madman
81.9%
Arrest
81.7%
Escape
81.3%
Time
81.1%
Run
81.1%
Bannakaffalatta
80.5%
North
79.8%
Man
79.4%
Win
78.8%
Start
78.2%
% Correct
Run
77.8%
Allons-y
77.8%
Dying
77.7%
Optimist
76.5%
Brave
74.8%
Horse
73.5%
Stories
71.6%
Geronimo
71%
Weapons
67.7%
Rules
66.6%
Lizard
64%
Concrete
62.9%
Plan
62.4%
Hot
61%
Shipton
57.1%
Cockerel
56.2%
Significant
52.2%

You're not logged in!

Compare scores with friends on all Sporcle quizzes.
Join for Free
OR
Log In

You Might Also Like...

Show Comments

Extras

Top Quizzes Today


Score Distribution

Your Account Isn't Verified!

In order to create a playlist on Sporcle, you need to verify the email address you used during registration. Go to your Sporcle Settings to finish the process.

Report this User

Report this user for behavior that violates our Community Guidelines.

Details: